Statistics for Top 50 Comedy Movies of the 2010's

Click here to take the quiz!

General Stats

  • This quiz has been taken 25 times
  • The average score is 6 of 50

Answer Stats

#MovieYear% Correct
1Booksmart2019
56%
46Bridesmaids2011
44%
16The Nice Guys2016
28%
28Moonrise Kingdom2012
22%
14Birdman2014
17%
10Crazy Rich Asians2018
17%
7Once Upon a Time in Hollywood2019
17%
35Silver Linings Playbook2012
17%
5The Big Sick2017
17%
31The Edge of Seventeen2016
17%
6The Favourite2018
17%
23The Grand Budapest Hotel2014
17%
30The Muppets2011
17%
26What We Do in the Shadows2015
17%
21American Hustle2013
11%
4Can You Ever Forgive Me?2018
11%
11Dolemite Is My Name2019
11%
3Eighth Grade2018
11%
41Midnight in Paris2011
11%
18Spy2015
11%
15The Artist2011
11%
37The Big Short2015
11%
42The Kids Are All Right2010
11%
8Three Billboards Outside Ebbing, Missouri2017
11%
4750/502011
6%
39Blinded by the Light2019
6%
36Blindspotting2018
6%
44Blue Jasmine2013
6%
24Don't Think Twice2016
6%
29Enough Said2013
6%
49Frances Ha2013
6%
40Hail, Caesar!2016
6%
20Hunt for the Wilderpeople2016
6%
25Inside Llewyn Davis2013
6%
19Logan Lucky2017
6%
17Love & Friendship2016
6%
34Love, Simon2018
6%
12Paterson2016
6%
22Sing Street2016
6%
27Stan & Ollie2019
6%
33Tangerine2015
6%
9The Death of Stalin2018
6%
13The Disaster Artist2017
6%
2The Farewell2019
6%
38The Meyerowitz Stories (New and Selected)2017
6%
50The Sessions2012
6%
48Thunder Road2018
6%
32Toni Erdmann2016
6%
43Wild Tales2015
6%
45Win Win2011
6%

Score Distribution

Percentile by Number Answered

Percent of People with Each Score

Your Score History

You have not taken this quiz